[Event "21. Ciutat de Montcada 2013"]
[Site "Montcada i Reixac ESP"]
[Date "2013.06.26"]
[Round "2.7"]
[White "Aloma Vidal, Robert"]
[Black "Pancevski, Filip"]
[Result "0-1"]
[WhiteElo "2421"]
[BlackElo "2513"]
[PlyCount "87"]
[EventDate "2013.06.25"]
[EventType "swiss"]
[EventRounds "9"]
[EventCountry "ESP"]
[Source "lmi"]
[SourceDate "2013.06.25"]

1. d4 g6 2. c4 Bg7 3. Nc3 d6 4. Nf3 e5 5. dxe5 dxe5 6. Qxd8+ Kxd8 7. Bg5+ f6 8.
O-O-O+ Nd7 9. Bh4 g5 10. Bg3 h5 11. h3 Nh6 12. e3 c6 13. Bd3 Ke7 14. Rhe1 Nc5
15. Bc2 Be6 16. b3 Rhd8 17. Rxd8 Rxd8 18. Rd1 Rh8 19. Bh2 Nf5 20. Ng1 Nh4 21.
g3 Nf5 22. Ne4 Nxe4 23. Bxe4 Nd6 24. Bg2 g4 25. e4 b5 26. cxb5 cxb5 27. f4 Bh6
28. Kb1 b4 29. f5 Nxf5 30. exf5 Bxf5+ 31. Ka1 Rf8 32. hxg4 Bc2 33. Rd5 e4 34.
Ne2 Bd3 35. Bg1 Rc8 36. Bc5+ Ke8 37. Bxb4 f5 38. Nd4 Bg7 39. gxf5 Rb8 40. Bc3
e3 41. Rd6 e2 42. f6 Bf8 43. Re6+ Kf7 44. Re3 0-1

[Event "21. Ciutat de Montcada 2013"]
[Site "Montcada i Reixac ESP"]
[Date "2013.06.26"]
[Round "2.8"]
[White "Guerra Mendez, Jose Angel"]
[Black "Gagare, Shardul"]
[Result "0-1"]
[WhiteElo "2505"]
[BlackElo "2407"]
[PlyCount "110"]
[EventDate "2013.06.25"]
[EventType "swiss"]
[EventRounds "9"]
[EventCountry "ESP"]
[Source "lmi"]
[SourceDate "2013.06.25"]

1. e4 c6 2. d4 d5 3. Nc3 dxe4 4. Nxe4 Bf5 5. Ng3 Bg6 6. Nh3 Nf6 7. c3 e6 8. Nf4
Bd6 9. h4 Bxf4 10. Bxf4 h6 11. h5 Bh7 12. Qb3 Qe7 13. Be2 O-O 14. c4 Rd8 15.
Rd1 a5 16. c5 a4 17. Qf3 Na6 18. O-O Nb4 19. Bc4 Nbd5 20. Bd6 Qd7 21. Be5 Qe7
22. Rfe1 Nd7 23. Bd6 Qg5 24. Re2 N7f6 25. a3 b5 26. Re5 Qf4 27. Bxd5 Nxd5 28.
Qe2 Qh4 29. Nf1 Bf5 30. Qd2 Qxh5 31. Ng3 Qg6 32. Nxf5 exf5 33. Rde1 f6 34. Re6
Re8 35. Qe2 Rxe6 36. Qxe6+ Kh7 37. Qd7 f4 38. Qxc6 f3 39. Bg3 Rd8 40. gxf3 Qd3
41. Qe6 Qxf3 42. c6 h5 43. Re4 f5 44. c7 Rf8 45. Rh4 f4 46. c8=Q Rxc8 47. Qf5+
g6 48. Qd7+ Kh6 49. Qxc8 fxg3 50. Qh8+ Kg5 51. Rxh5+ gxh5 52. Qg8+ Kh4 53. Qd8+
Nf6 54. fxg3+ Kh3 55. Qc8+ Ng4 0-1

[Event "21. Ciutat de Montcada 2013"]
[Site "Montcada i Reixac ESP"]
[Date "2013.06.26"]
[Round "2.9"]
[White "Sanchez Ibern, Marc"]
[Black "Cruz, Cristhian"]
[Result "1/2-1/2"]
[WhiteElo "2401"]
[BlackElo "2499"]
[PlyCount "71"]
[EventDate "2013.06.25"]
[EventType "swiss"]
[EventRounds "9"]
[EventCountry "ESP"]
[Source "lmi"]
[SourceDate "2013.06.25"]

1. e4 e6 2. d4 d5 3. Nd2 c5 4. exd5 exd5 5. Ngf3 Nf6 6. Bb5+ Bd7 7. Qe2+ Be7 8.
O-O O-O 9. dxc5 Re8 10. Bxd7 Nbxd7 11. Nb3 a5 12. a4 Nxc5 13. Nxc5 Bxc5 14. Qd3
Qb6 15. c3 Ne4 16. Nd4 Rac8 17. Rd1 Bxd4 18. cxd4 Re6 19. Be3 Rec6 20. f3 Nd6
21. Rab1 h6 22. Bd2 Nc4 23. b4 Nxd2 24. Qxd2 Rc2 25. Qe1 Qg6 26. Qg3 Qxg3 27.
hxg3 axb4 28. Rxb4 Ra2 29. Kh2 Rcc2 30. Rg1 Rd2 31. Kh3 b6 32. Rxb6 Rxd4 33.
Re1 Rdxa4 34. Rd6 d4 35. Re8+ Kh7 36. Re7 1/2-1/2

[Event "21. Ciutat de Montcada 2013"]
[Site "Montcada i Reixac ESP"]
[Date "2013.06.26"]
[Round "2.10"]
[White "Perez Mitjans, Orelvis"]
[Black "Anurag, Mhamal"]
[Result "1-0"]
[WhiteElo "2496"]
[BlackElo "2401"]
[PlyCount "65"]
[EventDate "2013.06.25"]
[EventType "swiss"]
[EventRounds "9"]
[EventCountry "ESP"]
[Source "lmi"]
[SourceDate "2013.06.25"]

1. e4 c5 2. Nf3 e6 3. d3 Nc6 4. g3 d5 5. Nbd2 Nf6 6. Bg2 Be7 7. O-O b6 8. Re1
Bb7 9. e5 Nd7 10. h4 Qc7 11. Qe2 O-O-O 12. Nf1 Kb8 13. c3 Ka8 14. a3 h6 15. b4
Rdg8 16. d4 g5 17. hxg5 hxg5 18. Be3 f6 19. exf6 Bxf6 20. bxc5 bxc5 21. Rab1 g4
22. N3h2 cxd4 23. cxd4 Nxd4 24. Qd1 Nf3+ 25. Nxf3 gxf3 26. Qxf3 Be5 27. Rec1
Qd6 28. Nd2 Re8 29. Qg4 Qa6 30. Rb4 Rhg8 31. Qd1 Bxg3 32. fxg3 Rxg3 33. Rc7 1-0

[Event "21. Ciutat de Montcada 2013"]
[Site "Montcada i Reixac ESP"]
[Date "2013.06.26"]
[Round "2.11"]
[White "Perpinya Rofes, Lluis Maria"]
[Black "Flores Rios, Mauricio"]
[Result "0-1"]
[WhiteElo "2400"]
[BlackElo "2492"]
[PlyCount "94"]
[EventDate "2013.06.25"]
[EventType "swiss"]
[EventRounds "9"]
[EventCountry "ESP"]
[Source "lmi"]
[SourceDate "2013.06.25"]

1. e4 e5 2. Nf3 Nc6 3. Bb5 a6 4. Ba4 Nf6 5. O-O Be7 6. Re1 b5 7. Bb3 d6 8. a4
Bb7 9. d3 b4 10. a5 O-O 11. Nbd2 Nb8 12. Nc4 Nbd7 13. Bd2 c5 14. Nh4 g6 15. Bh6
Re8 16. h3 Bc6 17. Nf3 Nh5 18. Qd2 Bf8 19. g4 Ng7 20. Ne3 Ne6 21. Nd5 Ra7 22.
Kh2 Bxd5 23. Bxd5 Qf6 24. Bxf8 Ndxf8 25. Bxe6 Nxe6 26. Qe3 Rf8 27. Rg1 Kh8 28.
Nd2 Qd8 29. Nc4 Nd4 30. Rac1 f5 31. exf5 gxf5 32. c3 bxc3 33. bxc3 Ne6 34. f3
Raf7 35. g5 f4 36. Qe2 Nxg5 37. Rg4 Ne6 38. Rcg1 Ng7 39. Nb6 Nf5 40. Qe4 Ng3
41. Qd5 Qf6 42. Nc4 h5 43. R1xg3 fxg3+ 44. Rxg3 h4 45. Rg4 Qxf3 46. Qxd6 Qf2+
47. Rg2 Qxg2+ 0-1

[Event "21. Ciutat de Montcada 2013"]
[Site "Montcada i Reixac ESP"]
[Date "2013.06.26"]
[Round "2.12"]
[White "Asis Gargatagli, Hipolito"]
[Black "Laxman, R.R."]
[Result "0-1"]
[WhiteElo "2490"]
[BlackElo "2397"]
[PlyCount "72"]
[EventDate "2013.06.25"]
[EventType "swiss"]
[EventRounds "9"]
[EventCountry "ESP"]
[Source "lmi"]
[SourceDate "2013.06.25"]

1. e4 e5 2. Nf3 Nc6 3. Bb5 Nf6 4. d3 Bc5 5. c3 d6 6. O-O O-O 7. h3 a6 8. Bxc6
bxc6 9. Re1 Re8 10. Nbd2 a5 11. Nf1 h6 12. Ng3 Bb6 13. Be3 Bxe3 14. Rxe3 c5 15.
d4 exd4 16. cxd4 Bb7 17. Qc2 d5 18. e5 Ne4 19. dxc5 Nxg3 20. c6 Ba6 21. fxg3 d4
22. Re4 d3 23. Qc5 Re6 24. Nd4 Rg6 25. g4 Kh7 26. Qxa5 Bc4 27. Qc5 Bd5 28. Re3
Qg5 29. Rxd3 Qxe5 30. Nb3 Rd8 31. Qf2 Bxg2 32. Re1 Qb5 33. Rxd8 Bxh3 34. Rd4
Bxg4 35. Re3 Bf3+ 36. Kh2 Qh5+ 0-1

[Event "21. Ciutat de Montcada 2013"]
[Site "Montcada i Reixac ESP"]
[Date "2013.06.26"]
[Round "2.13"]
[White "Del Rey, Diego"]
[Black "Moreno Ruiz, Javier"]
[Result "0-1"]
[WhiteElo "2376"]
[BlackElo "2486"]
[PlyCount "138"]
[EventDate "2013.06.25"]
[EventType "swiss"]
[EventRounds "9"]
[EventCountry "ESP"]
[Source "lmi"]
[SourceDate "2013.06.25"]

1. e4 e5 2. Nf3 Nc6 3. d4 exd4 4. Nxd4 Bb4+ 5. c3 Bc5 6. Be3 Bb6 7. Na3 Nf6 8.
Nc4 O-O 9. Nxb6 axb6 10. Bd3 Re8 11. O-O Nxe4 12. c4 d6 13. Re1 Nf6 14. Nxc6
bxc6 15. Qf3 Bd7 16. h3 Ra5 17. Bd4 Rxe1+ 18. Rxe1 Rxa2 19. Bc3 Ra8 20. Bc2 d5
21. cxd5 cxd5 22. Qd3 g6 23. Qd4 Kg7 24. Qxd5 Bf5 25. Bxf6+ Qxf6 26. Qxa8 Bxc2
27. Re8 h5 28. Qa3 Bf5 29. Qf8+ Kh7 30. Qe7 Qe6 31. Qd8 Qc4 32. Qd2 Be6 33. Rd8
Qh4 34. Rb8 Qf6 35. Rb7 Qe5 36. Qc3 Qe4 37. Rb8 Kh6 38. Rh8+ Kg5 39. Qxc7 Qe1+
40. Kh2 Qxf2 41. Qg3+ Qxg3+ 42. Kxg3 b5 43. Rb8 h4+ 44. Kf2 Bc4 45. b3 Bd3 46.
Rd8 Be4 47. Rd4 f5 48. Rd6 Kh5 49. Re6 Bc2 50. b4 Bd3 51. Re3 Bc4 52. Rc3 Be6
53. Rc5 Bd7 54. Rc7 Be6 55. Rc5 Bd7 56. Ke3 Kg5 57. Rc7 Be6 58. Kd4 Kf4 59. Rc3
Bf7 60. Rf3+ Kg5 61. Ke5 Bc4 62. g3 Be2 63. Re3 Bf1 64. gxh4+ Kxh4 65. Kf6 Bxh3
66. Kxg6 f4 67. Re5 f3 68. Rh5+ Kg3 69. Rg5+ Bg4 0-1

[Event "21. Ciutat de Montcada 2013"]
[Site "Montcada i Reixac ESP"]
[Date "2013.06.26"]
[Round "2.14"]
[White "Cuartas, Jaime Alexander"]
[Black "Camacho Collados, Jose"]
[Result "1/2-1/2"]
[WhiteElo "2484"]
[BlackElo "2371"]
[PlyCount "84"]
[EventDate "2013.06.25"]
[EventType "swiss"]
[EventRounds "9"]
[EventCountry "ESP"]
[Source "lmi"]
[SourceDate "2013.06.25"]

1. e4 g6 2. d4 Bg7 3. Nf3 d6 4. Bc4 e6 5. Bb3 Ne7 6. O-O O-O 7. Re1 Nd7 8. c3
b6 9. Nbd2 Bb7 10. Nf1 c5 11. Ng3 Nf6 12. Bf4 Rc8 13. dxc5 dxc5 14. Qc1 b5 15.
c4 b4 16. Bc2 Nc6 17. e5 Ne8 18. Be4 f6 19. exf6 Qxf6 20. Bxc6 Bxc6 21. Be5 Qf7
22. Ne4 Rd8 23. Neg5 Qf5 24. Bxg7 Nxg7 25. Re5 Qd3 26. Rxc5 Qd6 27. Ra5 h6 28.
Nh3 Bxf3 29. gxf3 Rxf3 30. Qxh6 Rd3 31. Rf1 Rd1 32. Qxg6 Rxf1+ 33. Kxf1 Qxh2
34. Qg5 Rd3 35. Ng1 Rd2 36. Nh3 Qh1+ 37. Ng1 Qh2 38. Nh3 Qh1+ 39. Ng1 Qh2 40.
Nh3 Qh1+ 41. Ng1 Qh2 42. Nh3 Qh1+ 1/2-1/2

[Event "21. Ciutat de Montcada 2013"]
[Site "Montcada i Reixac ESP"]
[Date "2013.06.26"]
[Round "2.15"]
[White "Rios, Cristhian Camilo"]
[Black "Escobar Forero, Alder"]
[Result "1-0"]
[WhiteElo "2360"]
[BlackElo "2468"]
[PlyCount "77"]
[EventDate "2013.06.25"]
[EventType "swiss"]
[EventRounds "9"]
[EventCountry "ESP"]
[Source "lmi"]
[SourceDate "2013.06.25"]

1. e4 c5 2. Nf3 Nc6 3. d4 cxd4 4. Nxd4 Nf6 5. Nc3 d6 6. Bc4 Qb6 7. Nb3 e6 8.
Bg5 a6 9. O-O Bd7 10. Kh1 Qc7 11. Bxf6 gxf6 12. Qh5 Nd4 13. Nxd4 Qxc4 14. Nb3
b5 15. Rfd1 Qc7 16. a3 h6 17. f4 Rg8 18. Rd3 Rc8 19. Re1 Rg6 20. Nd4 Qc5 21. f5
Rg5 22. Qh4 b4 23. axb4 Qxb4 24. fxe6 fxe6 25. Nf3 Rgc5 26. Nd5 Rxd5 27. exd5
Qxh4 28. Nxh4 e5 29. c3 f5 30. Rf3 Rc5 31. Nxf5 Rxd5 32. Ne3 Rb5 33. Rf2 Be7
34. Ra1 Bd8 35. Nc4 Ke7 36. Rxa6 Bc7 37. Rd2 Bc8 38. Ra8 Bb7 39. Rh8 1-0

[Event "21. Ciutat de Montcada 2013"]
[Site "Montcada i Reixac ESP"]
[Date "2013.06.26"]
[Round "2.16"]
[White "Deepan, Chakkravarthy J"]
[Black "Arribas Robaina, Maritza"]
[Result "1-0"]
[WhiteElo "2468"]
[BlackElo "2331"]
[PlyCount "47"]
[EventDate "2013.06.25"]
[EventType "swiss"]
[EventRounds "9"]
[EventCountry "ESP"]
[Source "lmi"]
[SourceDate "2013.06.25"]

1. d4 Nf6 2. c4 g6 3. Nc3 Bg7 4. e4 d6 5. Nf3 O-O 6. h3 c6 7. Bg5 Qa5 8. Qd2
Nbd7 9. Be2 e5 10. O-O exd4 11. Nxd4 Nxe4 12. Nxe4 Qxd2 13. Bxd2 Bxd4 14. Nxd6
Nc5 15. Rab1 Rd8 16. Bf4 Bf5 17. Nxf5 gxf5 18. b4 Ne4 19. Bf3 Nc3 20. Rb3 Nxa2
21. Bd2 c5 22. bxc5 a5 23. Bxb7 Bxc5 24. Bh6 1-0

[Event "21. Ciutat de Montcada 2013"]
[Site "Montcada i Reixac ESP"]
[Date "2013.06.26"]
[Round "2.17"]
[White "Barbero Sendic, Alejandro"]
[Black "Narayanan, Srinath"]
[Result "1-0"]
[WhiteElo "2326"]
[BlackElo "2464"]
[PlyCount "85"]
[EventDate "2013.06.25"]
[EventType "swiss"]
[EventRounds "9"]
[EventCountry "ESP"]
[Source "lmi"]
[SourceDate "2013.06.25"]

1. e4 c5 2. Nc3 d6 3. d4 cxd4 4. Qxd4 a6 5. Bg5 Nc6 6. Qd2 h6 7. Be3 Nf6 8. Nf3
Ng4 9. Nd5 Nxe3 10. Qxe3 Bg4 11. O-O-O e6 12. Nb6 Rb8 13. h3 Bh5 14. g4 Bg6 15.
Nd2 Be7 16. Ndc4 O-O 17. f4 e5 18. Kb1 exf4 19. Qxf4 Ne5 20. Bd3 Bg5 21. Qh2
Bf6 22. Rhf1 Re8 23. Nd5 Bh4 24. Nce3 Nd7 25. Qxd6 Bxe4 26. Bxe4 Rxe4 27. Nf5
Re6 28. Qf4 Ne5 29. Nde7+ Bxe7 30. Rxd8+ Bxd8 31. h4 Bc7 32. g5 Rbe8 33. a4 h5
34. Ng3 g6 35. Ne4 Rd8 36. Nc5 Re7 37. Nxb7 Rb8 38. Qe4 Bb6 39. Nd6 Bc5 40.
Nxf7 Rxf7 41. Rxf7 Nxf7 42. Qxg6+ Kf8 43. Qf5 1-0

[Event "21. Ciutat de Montcada 2013"]
[Site "Montcada i Reixac ESP"]
[Date "2013.06.26"]
[Round "2.18"]
[White "Vehi Bach, Victor Manuel"]
[Black "Neelotpal, Das"]
[Result "1/2-1/2"]
[WhiteElo "2321"]
[BlackElo "2461"]
[PlyCount "46"]
[EventDate "2013.06.25"]
[EventType "swiss"]
[EventRounds "9"]
[EventCountry "ESP"]
[Source "lmi"]
[SourceDate "2013.06.25"]

1. e4 c6 2. d4 d5 3. e5 c5 4. dxc5 Nc6 5. Nf3 Bg4 6. Bb5 e6 7. b4 Nge7 8. Bb2
b6 9. c4 bxc5 10. Qa4 Qc8 11. cxd5 exd5 12. bxc5 Bxf3 13. gxf3 a6 14. Bd3 Rb8
15. Bxa6 Qe6 16. Bb5 g6 17. Na3 Bh6 18. Qg4 O-O 19. Qxe6 fxe6 20. Rb1 Rxf3 21.
O-O Bd2 22. Be2 Rf4 23. Rfd1 Bb4 1/2-1/2

[Event "21. Ciutat de Montcada 2013"]
[Site "Montcada i Reixac ESP"]
[Date "2013.06.26"]
[Round "2.19"]
[White "Munoz Pantoja, Miguel"]
[Black "Arjun, Bharat"]
[Result "0-1"]
[WhiteElo "2459"]
[BlackElo "2298"]
[PlyCount "52"]
[EventDate "2013.06.25"]
[EventType "swiss"]
[EventRounds "9"]
[EventCountry "ESP"]
[Source "lmi"]
[SourceDate "2013.06.25"]

1. e4 c6 2. Nc3 d5 3. Nf3 Bg4 4. Be2 dxe4 5. Nxe4 Nd7 6. d4 e6 7. O-O Ngf6 8.
Nxf6+ Nxf6 9. Bf4 Be7 10. c4 O-O 11. Be5 Nd7 12. Bg3 Nf6 13. Be5 Nd7 14. Bf4
Nf6 15. Be3 Qc7 16. Ne5 Bxe2 17. Qxe2 Rfd8 18. Rad1 c5 19. Rd3 cxd4 20. Bxd4
Bc5 21. Bxc5 Qxc5 22. Rfd1 Rxd3 23. Rxd3 Qc7 24. Qe3 h6 25. Qd4 Qa5 26. h4 Qe1+
0-1

[Event "21. Ciutat de Montcada 2013"]
[Site "Montcada i Reixac ESP"]
[Date "2013.06.26"]
[Round "2.20"]
[White "Rishi, Sardana"]
[Black "Kjartansson, Gudmundur"]
[Result "1/2-1/2"]
[WhiteElo "2308"]
[BlackElo "2453"]
[PlyCount "101"]
[EventDate "2013.06.25"]
[EventType "swiss"]
[EventRounds "9"]
[EventCountry "ESP"]
[Source "lmi"]
[SourceDate "2013.06.25"]

1. e4 d6 2. d4 Nf6 3. Nc3 g6 4. f4 Bg7 5. Nf3 O-O 6. Bd3 Na6 7. O-O c5 8. d5
Bg4 9. h3 Bxf3 10. Qxf3 Nb4 11. a3 Nxd3 12. Qxd3 Qc7 13. Be3 b6 14. Bf2 Nh5 15.
Bh4 Bf6 16. Bxf6 Nxf6 17. Rae1 Nd7 18. Kh1 a6 19. a4 f6 20. Qg3 Kh8 21. h4 Rg8
22. Ne2 b5 23. axb5 axb5 24. Ng1 Ra2 25. Qb3 Qa5 26. Nf3 Qa4 27. Qxa4 bxa4 28.
Ra1 Rxb2 29. Rxa4 Rgb8 30. Ra7 R8b7 31. Rfa1 Kg7 32. Nd2 Kf7 33. Nc4 R2b4 34.
Rxb7 Rxb7 35. c3 h6 36. Ra6 g5 37. hxg5 hxg5 38. g3 Kg6 39. Kg2 gxf4 40. gxf4
Kh5 41. Kf3 Rb3 42. Ra3 Rxa3 43. Nxa3 f5 44. e5 Nb6 45. exd6 exd6 46. Nb5 Nxd5
47. c4 Nb6 48. Nxd6 Kg6 49. Nb7 Nxc4 50. Nxc5 Nd2+ 51. Ke3 1/2-1/2

[Event "21. Ciutat de Montcada 2013"]
[Site "Montcada i Reixac ESP"]
[Date "2013.06.27"]
[Round "3.1"]
[White "Lorenzo De La Riva, Lazaro"]
[Black "Peralta, Fernando"]
[Result "1/2-1/2"]
[WhiteElo "2424"]
[BlackElo "2622"]
[PlyCount "90"]
[EventDate "2013.06.25"]
[EventType "swiss"]
[EventRounds "9"]
[EventCountry "ESP"]
[Source "lmi"]
[SourceDate "2013.06.25"]

1. e4 c6 2. d4 d5 3. e5 Bf5 4. Nc3 Qc7 5. Be3 a6 6. g4 Bd7 7. h4 h6 8. h5 e6 9.
f4 c5 10. Nf3 cxd4 11. Nxd4 Nc6 12. Qd2 Nxd4 13. Bxd4 Bc5 14. O-O-O Bxd4 15.
Qxd4 Ne7 16. Kb1 O-O-O 17. Rh3 Kb8 18. Ne2 Bb5 19. Nc1 Rc8 20. Rc3 Nc6 21. Qf2
Bxf1 22. Rxf1 Qe7 23. Nd3 Nb4 24. Rxc8+ Rxc8 25. Nxb4 Qxb4 26. a3 Qe4 27. b3
Rc3 28. Kb2 Re3 29. Qd2 d4 30. Qb4 Rc3 31. Rf2 Qe3 32. Rf1 Qd2 33. Rc1 Qxf4 34.
Qd6+ Rc7 35. Qd8+ Rc8 36. Qd6+ Ka8 37. Qd7 Kb8 38. Qd6+ Ka8 39. Qd7 Rc5 40.
Qd8+ Ka7 41. Rd1 Qf2 42. Ka1 Rd5 43. Qc7 Qf3 44. Rxd4 Rxd4 45. Qc5+ Ka8 1/2-1/2

[Event "21. Ciutat de Montcada 2013"]
[Site "Montcada i Reixac ESP"]
[Date "2013.06.27"]
[Round "3.2"]
[White "Ortiz Suarez, Isan Reynaldo"]
[Black "Deepan, Chakkravarthy J"]
[Result "1/2-1/2"]
[WhiteElo "2612"]
[BlackElo "2468"]
[PlyCount "62"]
[EventDate "2013.06.25"]
[EventType "swiss"]
[EventRounds "9"]
[EventCountry "ESP"]
[Source "lmi"]
[SourceDate "2013.06.25"]

1. e4 e5 2. Nf3 Nc6 3. Bb5 Nf6 4. d3 d6 5. O-O Bd7 6. c4 g6 7. Nc3 Bg7 8. h3
O-O 9. Be3 h6 10. Re1 Kh7 11. c5 a6 12. Ba4 Be6 13. Rc1 d5 14. Bxc6 bxc6 15.
Nxe5 dxe4 16. Nxc6 Qxd3 17. Bd4 Qxd1 18. Rcxd1 a5 19. Be5 Rfe8 20. Nd4 Bc4 21.
Bxc7 Bd3 22. Ndb5 Nd7 23. Nd6 Bxc3 24. bxc3 Re7 25. c6 Ne5 26. Nxe4 Rxc7 27.
Nf6+ Kg7 28. Nd5 Rxc6 29. Rxe5 Bc4 30. a3 Bxd5 31. Rdxd5 Rxc3 1/2-1/2

[Event "21. Ciutat de Montcada 2013"]
[Site "Montcada i Reixac ESP"]
[Date "2013.06.27"]
[Round "3.3"]
[White "Gagare, Shardul"]
[Black "Burmakin, Vladimir"]
[Result "1/2-1/2"]
[WhiteElo "2407"]
[BlackElo "2575"]
[PlyCount "152"]
[EventDate "2013.06.25"]
[EventType "swiss"]
[EventRounds "9"]
[EventCountry "ESP"]
[Source "lmi"]
[SourceDate "2013.06.25"]

1. c4 c6 2. g3 d5 3. Bg2 Nf6 4. Nf3 Bf5 5. cxd5 cxd5 6. Qb3 Qb6 7. Nc3 Qxb3 8.
axb3 Nc6 9. d3 e5 10. Bg5 Be6 11. O-O a6 12. d4 e4 13. Ne1 Nxd4 14. Rd1 Nxb3
15. Bxf6 gxf6 16. Nxd5 O-O-O 17. Bxe4 f5 18. Bg2 Bh6 19. e3 Bg7 20. Nc2 Kb8 21.
Rfe1 Rd6 22. Nf4 Rhd8 23. Rxd6 Rxd6 24. e4 fxe4 25. Nxe6 fxe6 26. Bxe4 Nd2 27.
b4 Nxe4 28. Rxe4 Rd2 29. Ne3 Bc3 30. Kg2 e5 31. Rc4 Bd4 32. Kf3 b5 33. Rc6 a5
34. bxa5 Kb7 35. Rh6 b4 36. Ke4 b3 37. Rxh7+ Kc6 38. Nc4 Re2+ 39. Kd3 b2 40.
Nxb2 Rxb2 41. f4 Kd5 42. fxe5 Rb3+ 43. Kc2 Ra3 44. e6 Kxe6 45. a6 Rxa6 46. Kd3
Be5 47. Rh6+ Bf6 48. Ke4 Ra4+ 49. Kf3 Kf5 50. Rh5+ Kg6 51. Rc5 Ra2 52. h4 Bd4
53. Rd5 Ra4 54. g4 Kf6 55. h5 Be5 56. h6 Rf4+ 57. Ke3 Rxg4 58. h7 Rh4 59. Rd7
Kg6 60. Re7 Bg7 61. Re6+ Bf6 62. h8=Q Rxh8 63. Kf4 Rh4+ 64. Kg3 Rc4 65. Re8 Kf5
66. Kf3 Rh4 67. Rf8 Rh3+ 68. Kg2 Rb3 69. Kf2 Ke5 70. Re8+ Kf4 71. Rf8 Rb2+ 72.
Kf1 Kf5 73. Re8 Be5 74. Ke1 Ke4 75. Re7 Kd4 76. Kf1 Rb5 1/2-1/2

[Event "21. Ciutat de Montcada 2013"]
[Site "Montcada i Reixac ESP"]
[Date "2013.06.27"]
[Round "3.4"]
[White "Cori, Jorge"]
[Black "Herraiz Hidalgo, Herminio"]
[Result "1/2-1/2"]
[WhiteElo "2549"]
[BlackElo "2447"]
[PlyCount "65"]
[EventDate "2013.06.25"]
[EventType "swiss"]
[EventRounds "9"]
[EventCountry "ESP"]
[Source "lmi"]
[SourceDate "2013.06.25"]

1. d4 Nf6 2. c4 g6 3. Nc3 Bg7 4. e4 d6 5. f3 O-O 6. Be3 c5 7. Nge2 cxd4 8. Nxd4
Nc6 9. Qd2 Nxd4 10. Bxd4 Be6 11. Be2 Qa5 12. Rc1 Rfc8 13. b3 a6 14. O-O b5 15.
cxb5 axb5 16. Rfd1 Bd7 17. b4 Qxb4 18. Nxb5 Qxd2 19. Rxc8+ Bxc8 20. Rxd2 Be6
21. a3 Nd7 22. Be3 Nc5 23. Nc7 Rxa3 24. Bxc5 dxc5 25. Rd8+ Bf8 26. Nxe6 fxe6
27. f4 Ra4 28. Bf3 Kf7 29. g3 e5 30. fxe5 Bg7 31. Rd5 c4 32. Rc5 c3 33. Rxc3
1/2-1/2

[Event "21. Ciutat de Montcada 2013"]
[Site "Montcada i Reixac ESP"]
[Date "2013.06.27"]
[Round "3.5"]
[White "Pancevski, Filip"]
[Black "Laxman, R.R."]
[Result "1-0"]
[WhiteElo "2513"]
[BlackElo "2397"]
[PlyCount "111"]
[EventDate "2013.06.25"]
[EventType "swiss"]
[EventRounds "9"]
[EventCountry "ESP"]
[Source "lmi"]
[SourceDate "2013.06.25"]

1. e4 e5 2. Nf3 Nc6 3. Bb5 Nf6 4. d3 d6 5. c3 Be7 6. O-O O-O 7. Re1 Bd7 8. Ba4
Re8 9. Nbd2 Bf8 10. Nf1 h6 11. Ng3 Ne7 12. Bc2 c5 13. h3 Ng6 14. Bb3 Qc7 15. a4
a6 16. a5 Rad8 17. Bd2 Bc6 18. c4 Nf4 19. Be3 Ne6 20. Ba4 g6 21. b4 Nd4 22.
Nxd4 cxd4 23. Bd2 Bxa4 24. Qxa4 h5 25. Rf1 Be7 26. Qd1 h4 27. Ne2 Nh5 28. f4
Bf6 29. Rf3 Qe7 30. Qf1 Bg7 31. Re1 Bh6 32. Bc1 Rf8 33. fxe5 Bxc1 34. exd6 Qxd6
35. c5 Qe5 36. Nxc1 Qg5 37. Qf2 f5 38. exf5 Rxf5 39. Rxf5 gxf5 40. Ne2 Qe3 41.
Qxe3 dxe3 42. d4 f4 43. Rd1 Ng3 44. Nxg3 fxg3 45. Kf1 Rf8+ 46. Ke2 Rf2+ 47.
Kxe3 Rxg2 48. b5 axb5 49. a6 bxa6 50. Rc1 Rf2 51. c6 Rf8 52. d5 Re8+ 53. Kd4
Kf7 54. d6 g2 55. d7 Rd8 56. Ke4 1-0

[Event "21. Ciutat de Montcada 2013"]
[Site "Montcada i Reixac ESP"]
[Date "2013.06.27"]
[Round "3.6"]
[White "Arjun, Bharat"]
[Black "Perez Mitjans, Orelvis"]
[Result "0-1"]
[WhiteElo "2298"]
[BlackElo "2496"]
[PlyCount "68"]
[EventDate "2013.06.25"]
[EventType "swiss"]
[EventRounds "9"]
[EventCountry "ESP"]
[Source "lmi"]
[SourceDate "2013.06.25"]

1. d4 Nf6 2. c4 g6 3. Nc3 Bg7 4. e4 d6 5. Nf3 O-O 6. Be2 e5 7. O-O exd4 8. Nxd4
Re8 9. f3 c6 10. Kh1 Nh5 11. f4 Nf6 12. Bf3 Nbd7 13. Re1 a5 14. b3 Nc5 15. Ba3
Ng4 16. Qd2 Qh4 17. Bxg4 Bxg4 18. Bb2 f5 19. h3 fxe4 20. Re3 Nd3 21. Nxe4 Nxb2
22. Rae1 Re7 23. Nxd6 Rxe3 24. Rxe3 Nd1 25. Nf3 Nf2+ 26. Kg1 Nxh3+ 27. gxh3
Qg3+ 28. Qg2 Qxf4 29. Rd3 Bxf3 30. Qxf3 Bd4+ 31. Kg2 Qxd6 32. Qe4 Rd8 33. c5
Qxc5 34. Qe6+ Kh8 0-1

[Event "21. Ciutat de Montcada 2013"]
[Site "Montcada i Reixac ESP"]
[Date "2013.06.27"]
[Round "3.7"]
[White "Flores Rios, Mauricio"]
[Black "Rios, Cristhian Camilo"]
[Result "1-0"]
[WhiteElo "2492"]
[BlackElo "2360"]
[PlyCount "73"]
[EventDate "2013.06.25"]
[EventType "swiss"]
[EventRounds "9"]
[EventCountry "ESP"]
[Source "lmi"]
[SourceDate "2013.06.25"]

1. d4 Nf6 2. c4 e6 3. g3 Bb4+ 4. Bd2 a5 5. Bg2 d6 6. Nf3 Nbd7 7. O-O e5 8. Be3
exd4 9. Bxd4 O-O 10. Nc3 c6 11. Qc2 Re8 12. Rad1 Qe7 13. Nh4 Nc5 14. Nf5 Bxf5
15. Qxf5 Nfd7 16. Qc2 Ne6 17. Be3 Bc5 18. Bxc5 Ndxc5 19. e4 Rad8 20. f4 Qc7 21.
Rf2 Qb6 22. Kh1 Qb4 23. Bf1 Nf8 24. Rfd2 Nce6 25. Na4 Nc5 26. Nxc5 Qxc5 27. e5
Re6 28. Qc3 Rh6 29. a3 a4 30. Qd4 Ne6 31. Qe4 Nc7 32. exd6 Ne6 33. f5 Nf8 34.
d7 Qa5 35. Qe8 Rf6 36. Re2 Rxf5 37. Bh3 1-0

[Event "21. Ciutat de Montcada 2013"]
[Site "Montcada i Reixac ESP"]
[Date "2013.06.27"]
[Round "3.8"]
[White "Moreno Ruiz, Javier"]
[Black "Barbero Sendic, Alejandro"]
[Result "1-0"]
[WhiteElo "2486"]
[BlackElo "2326"]
[PlyCount "73"]
[EventDate "2013.06.25"]
[EventType "swiss"]
[EventRounds "9"]
[EventCountry "ESP"]
[Source "lmi"]
[SourceDate "2013.06.25"]

1. c4 Nf6 2. g3 g6 3. Bg2 Bg7 4. Nc3 e5 5. e4 Nc6 6. Nge2 O-O 7. O-O d6 8. d3
Nh5 9. h3 f5 10. exf5 gxf5 11. f4 Be6 12. Nd5 Nf6 13. Be3 Ne7 14. Nxf6+ Rxf6
15. Qd2 c6 16. Rab1 Rg6 17. Kh2 Kh8 18. b4 Qd7 19. b5 e4 20. bxc6 bxc6 21. Rfc1
d5 22. cxd5 cxd5 23. Qa5 exd3 24. Nd4 Rc8 25. Rxc8+ Nxc8 26. Rb8 Bg8 27. Nf3 d4
28. Ne5 Qe8 29. Nxg6+ hxg6 30. Bd2 Qd7 31. Rb7 Qe6 32. Qd8 Bf6 33. Qf8 Ne7 34.
Bb4 d2 35. Bxd2 Qf7 36. Qxf7 Bxf7 37. Bb4 1-0